000 00375nam a2200133 4500
005 20260530113855.0
100 1 _aMuseo casa estudio Diego Rivera y Frida Kahlo
_931695
245 1 0 _aDiego y Frida te invitan a su Casa
264 1 _bCONACULTA INBA
_c1998
300 _a80 páginas
336 _atexto
_2rdacontent
337 _asin medio
_2rdamedia
338 _avolumen
_2rdacarrier
999 _c11609
_d11609